| 000 | 00548cam a22001571 4500 | ||
|---|---|---|---|
| 001 | 000013463 | ||
| 003 | DO-SdBNP | ||
| 005 | 20251029111752.0 | ||
| 008 | 750807s1973 ve bk 000 0 spa | ||
| 040 |
_aDO-SdBNP _bspa _cBNPHU |
||
| 110 | 2 |
_aBanco Central de Venezuela. _93659 |
|
| 245 | 1 | 0 | _aEstudio sobre presupuestos familiares en el área metropolitana de Caracas para la elaboración de un índice de costo de vida. |
| 260 |
_aCaracas, Venezuela : _bBanco de Venezuela, _c1973. |
||
| 300 |
_a144 p. : _bil., mapa ; _c23 cm. |
||
| 942 |
_2ddc _cLBS1 |
||
| 999 |
_c13087 _d13087 |
||